[Event "HUN-chT 2223"]
[Site "Hungary"]
[Date "2023.04.23"]
[Round "9.8"]
[White "Aczel, Gergely"]
[Black "Fodor, Istvan"]
[Result "1-0"]
[WhiteElo "2502"]
[BlackElo "2334"]
[PlyCount "95"]
[EventDate "2022.11.20"]
[EventType "team-tourn"]
[EventRounds "9"]
[EventCountry "HUN"]
[SourceTitle "EXT 2024"]
[Source "ChessBase"]
[SourceDate "2023.10.10"]
[SourceVersion "1"]
[SourceVersionDate "2023.10.10"]
[SourceQuality "1"]
[WhiteTeam "Aquaprofit"]
[BlackTeam "Biatorbagy"]
[WhiteTeamCountry "HUN"]
[BlackTeamCountry "HUN"]

1. d4 Nf6 2. c4 g6 3. Nf3 Bg7 4. g3 d5 5. cxd5 Nxd5 6. Bg2 Nb6 7. Nc3 Nc6 8. e3 0-0 9. 0-0 Re8 10. h3 e5 11. d5 Na5 12. Qc2 c6 13. b4 Nac4 14. dxc6 bxc6 15. Rd1 Qe7 16. Rb1 Be6 17. Nd2 Nxd2 18. Bxd2 Rac8 19. Ne4 Bd5 20. Bc3 Red8 21. Nc5 Bxg2 22. Kxg2 Rxd1 23. Rxd1 Rd8 24. e4 h5 25. h4 Kh7 26. Qb3 Kg8 27. Bd2 Rd4 28. Be3 Rxd1 29. Qxd1 Nc4 30. Bg5 Qd6 31. Qa4 Qc7 32. Qa6 Nd6 33. a4 Qb6 34. Qxb6 axb6 35. Nd7 Nxe4 36. Nxb6 Bf8 37. a5 Nc3 38. a6 Nb5 39. Nd7 Bxb4 40. Nxe5 Nc7 41. a7 c5 42. Bd8 Na8 43. Nc4 f6 44. Nb6 c4 45. Nxa8 c3 46. Bxf6 c2 47. Bg5 Bc5 48. Nb6 1-0

[Event "HUN-chT 2223"]
[Site "Hungary"]
[Date "2023.04.22"]
[Round "8.9"]
[White "Izsak, Gyula"]
[Black "Fodor, Istvan"]
[Result "1-0"]
[WhiteElo "2397"]
[BlackElo "2334"]
[PlyCount "97"]
[EventDate "2022.11.20"]
[EventType "team-tourn"]
[EventRounds "9"]
[EventCountry "HUN"]
[SourceTitle "EXT 2024"]
[Source "ChessBase"]
[SourceDate "2023.10.10"]
[SourceVersion "1"]
[SourceVersionDate "2023.10.10"]
[SourceQuality "1"]
[WhiteTeam "Kobanya Aquarena"]
[BlackTeam "Biatorbagy"]
[WhiteTeamCountry "HUN"]
[BlackTeamCountry "HUN"]

1. d4 d5 2. Nf3 Nf6 3. c4 c6 4. e3 Bf5 5. Nc3 e6 6. Bd3 Bxd3 7. Qxd3 Nbd7 8. 0-0 Bb4 9. Bd2 a5 10. a3 Be7 11. Rad1 0-0 12. e4 dxe4 13. Nxe4 Nxe4 14. Qxe4 Qb6 15. Qc2 Rfd8 16. Rfe1 Bf6 17. Bf4 Rac8 18. c5 Qa6 19. Bd6 Nb6 20. Ne5 Nd5 21. Rd3 Be7 22. Rh3 h6 23. Rxh6 gxh6 24. Nxf7 Kxf7 25. Qh7+ Kf8 26. Qh8+ Kf7 27. Qh7+ Kf8 28. Qxh6+ Ke8 29. Qg6+ Kf8 30. Qh6+ Ke8 31. Qxe6 Rc7 32. Bxc7 Qd3 33. Qg8+ Kd7 34. Rxe7+ Nxe7 35. Qxd8+ Ke6 36. Qd6+ Kf7 37. Qf4+ Ke8 38. h4 Qb1+ 39. Kh2 Qxb2 40. Bxa5 Qxa3 41. Qb8+ Kf7 42. Bd8 Qc1 43. Qc7 Qe1 44. Qxe7+ Qxe7 45. Bxe7 Kxe7 46. h5 Ke6 47. h6 Kf6 48. g4 b5 49. cxb6 1-0

[Event "HUN-chT 2223"]
[Site "Hungary"]
[Date "2023.02.12"]
[Round "5.9"]
[White "Matyassy, Lazar"]
[Black "Fodor, Istvan"]
[Result "1/2-1/2"]
[WhiteElo "2239"]
[BlackElo "2334"]
[PlyCount "61"]
[EventDate "2022.11.20"]
[EventType "team-tourn"]
[EventRounds "9"]
[EventCountry "HUN"]
[SourceTitle "CBM 213 Extra"]
[Source "ChessBase"]
[SourceDate "2023.05.31"]
[SourceVersion "1"]
[SourceVersionDate "2023.05.31"]
[SourceQuality "1"]
[WhiteTeam "Budapest MTK"]
[BlackTeam "Biatorbagy"]
[WhiteTeamCountry "HUN"]
[BlackTeamCountry "HUN"]

1. e4 e5 2. Nf3 Nc6 3. Nc3 Nf6 4. d4 exd4 5. Nxd4 Bb4 6. Nxc6 bxc6 7. Bd3 0-0 8. 0-0 d5 9. exd5 cxd5 10. h3 c6 11. Qf3 Re8 12. Bf4 Bd6 13. b3 Be6 14. Ne2 Qc7 15. Bxd6 Qxd6 16. Rfe1 Bd7 17. Qg3 Qxg3 18. Nxg3 g6 19. Kf1 a5 20. Rxe8+ Nxe8 21. Ne2 c5 22. Re1 Kf8 23. Nf4 Bc6 24. Re5 Rd8 25. c4 Nc7 26. Ke2 Re8 27. Rxe8+ Kxe8 28. cxd5 Nxd5 29. Nxd5 Bxd5 30. g3 Ke7 31. Ke3 1/2-1/2

[Event "HUN-chT 2223"]
[Site "Hungary"]
[Date "2022.12.18"]
[Round "3.9"]
[White "Juhasz, Barbara"]
[Black "Fodor, Istvan"]
[Result "1/2-1/2"]
[WhiteElo "2206"]
[BlackElo "2334"]
[PlyCount "63"]
[EventDate "2022.11.20"]
[EventType "team-tourn"]
[EventRounds "9"]
[EventCountry "HUN"]
[SourceTitle "CBM 213 Extra"]
[Source "ChessBase"]
[SourceDate "2023.05.31"]
[SourceVersion "1"]
[SourceVersionDate "2023.05.31"]
[SourceQuality "1"]
[WhiteTeam "Mako Duocor"]
[BlackTeam "Biatorbagy"]
[WhiteTeamCountry "HUN"]
[BlackTeamCountry "HUN"]

1. e4 e5 2. Nf3 Nc6 3. Bb5 a6 4. Ba4 Nf6 5. d4 exd4 6. 0-0 Be7 7. e5 Ne4 8. Nxd4 0-0 9. Nf5 d5 10. Nxe7+ Nxe7 11. c3 Nc5 12. Bc2 Bf5 13. Na3 Qd7 14. Be3 Bxc2 15. Nxc2 Ne6 16. f4 f5 17. Nd4 Nc6 18. Nxe6 Qxe6 19. Qe2 Rad8 20. Rfd1 Rd7 21. Bd4 Nd8 22. a4 Qf7 23. b4 Ne6 24. Rf1 c6 25. Kh1 h6 26. Qf2 g5 27. Bc5 Nxc5 28. Qxc5 Qe6 29. Qe3 Rg7 30. Rae1 Kh7 31. Qc5 Kg8 32. Qd4 1/2-1/2

[Event "HUN-chT 2223"]
[Site "Hungary"]
[Date "2022.12.04"]
[Round "2.9"]
[White "Fodor, Istvan"]
[Black "Seres, Bela"]
[Result "1/2-1/2"]
[WhiteElo "2334"]
[BlackElo "2170"]
[PlyCount "61"]
[EventDate "2022.11.20"]
[EventType "team-tourn"]
[EventRounds "9"]
[EventCountry "HUN"]
[SourceTitle "CBM 211 Extra"]
[Source "ChessBase"]
[SourceDate "2023.01.31"]
[SourceVersion "1"]
[SourceVersionDate "2023.01.31"]
[SourceQuality "1"]
[WhiteTeam "Biatorbagy"]
[BlackTeam "Hetenyi Geza"]
[WhiteTeamCountry "HUN"]
[BlackTeamCountry "HUN"]

1. d4 Nf6 2. c4 e6 3. Nc3 Bb4 4. Qc2 c5 5. dxc5 Na6 6. a3 Bxc3+ 7. Qxc3 Nxc5 8. f3 a5 9. Bg5 a4 10. Nh3 Qa5 11. Qxa5 Rxa5 12. e4 d6 13. Rd1 Ke7 14. Be2 e5 15. Bd2 Ra6 16. Nf2 Be6 17. 0-0 Rc8 18. f4 exf4 19. Bxf4 Nfd7 20. Ng4 f6 21. Ne3 Ne5 22. Nd5+ Bxd5 23. exd5 Rb6 24. Bc1 Nb3 25. Be3 Nc5 26. Bc1 Nb3 27. Be3 Nc5 28. Bc1 Nb3 29. Be3 Nc5 30. Bc1 Nb3 31. Be3 1/2-1/2

[Event "HUN-chT 2122"]
[Site "Hungary"]
[Date "2021.10.10"]
[Round "1.9"]
[White "Fodor, Istvan"]
[Black "Jamrich, Gyorgy"]
[Result "1/2-1/2"]
[WhiteElo "2338"]
[BlackElo "2202"]
[PlyCount "74"]
[EventDate "2021.10.10"]
[EventType "team-tourn"]
[EventRounds "9"]
[EventCountry "HUN"]
[SourceTitle "EXT 2023"]
[Source "ChessBase"]
[SourceDate "2022.10.05"]
[SourceVersion "1"]
[SourceVersionDate "2022.10.05"]
[SourceQuality "1"]
[WhiteTeam "Morihana"]
[BlackTeam "Biatorbagy"]
[WhiteTeamCountry "HUN"]
[BlackTeamCountry "HUN"]

1. Nf3 d5 2. d4 e6 3. c4 Bb4+ 4. Bd2 a5 5. a3 Be7 6. Nc3 Nf6 7. Bg5 0-0 8. e3 h6 9. Bh4 c6 10. Bd3 Nbd7 11. 0-0 dxc4 12. Bxc4 b5 13. Bd3 Ba6 14. Qe2 Qb6 15. Ne5 Rfe8 16. Rfc1 Nxe5 17. dxe5 Nd7 18. Bxe7 Rxe7 19. Qh5 Qc5 20. Qh4 Kf8 21. Qe4 Nxe5 22. Qh7 Ree8 23. Bf1 Ng6 24. Nxb5 Qe5 25. Nd4 c5 26. Nf3 Qxb2 27. Bxa6 Rxa6 28. h4 Qf6 29. h5 Ne5 30. Nxe5 Qxe5 31. Rab1 Ra7 32. Rb5 Rc7 33. Rxa5 Rd8 34. Qc2 Rdc8 35. Qe2 Rd8 36. Qc2 Rdc8 37. Qe2 Rd8 1/2-1/2

[Event "HUN-chT2 Maroczy 1819"]
[Site "Hungary"]
[Date "2019.02.10"]
[Round "7.5"]
[White "Fodor, Istvan"]
[Black "Varasdy, Imre"]
[Result "1/2-1/2"]
[WhiteElo "2364"]
[BlackElo "2286"]
[PlyCount "80"]
[EventDate "2018.09.23"]
[EventType "team-tourn"]
[EventRounds "11"]
[EventCountry "HUN"]
[SourceTitle "EXT 2020"]
[Source "ChessBase"]
[SourceDate "2019.10.17"]
[SourceVersion "1"]
[SourceVersionDate "2019.10.17"]
[SourceQuality "1"]
[WhiteTeam "Penzugyor II"]
[BlackTeam "Toth Laszlo"]
[WhiteTeamCountry "HUN"]
[BlackTeamCountry "HUN"]

1. e4 g6 2. d4 c6 3. c4 d6 4. Nc3 Bg7 5. Nf3 Bg4 6. Be2 Nd7 7. 0-0 Qc7 8. Be3 Ngf6 9. h3 Bxf3 10. Bxf3 0-0 11. Rc1 e5 12. d5 c5 13. a3 a6 14. Be2 h6 15. b4 b6 16. Qd2 Kh7 17. Bd3 Qd8 18. Rb1 Qe7 19. Bc2 Rfc8 20. bxc5 bxc5 21. Rb7 Rcb8 22. Rfb1 Rxb7 23. Rxb7 Qd8 24. Na4 Qc8 25. Rb1 Qc7 26. Qe1 Rb8 27. Rxb8 Nxb8 28. Qb1 Nfd7 29. g3 Bf6 30. Kg2 Bg5 31. f4 Bf6 32. Bd2 Kg7 33. Qc1 h5 34. f5 Qd8 35. Bd1 h4 36. fxg6 fxg6 37. gxh4 Bxh4 38. Bf3 Qf6 39. Be3 Qd8 40. Bd2 Qf6 1/2-1/2

[Event "HUN-chT 1819"]
[Site "Hungary"]
[Date "2018.12.02"]
[Round "3.3"]
[White "Balazs, Gabor1111"]
[Black "Fodor, Istvan"]
[Result "1/2-1/2"]
[WhiteElo "2401"]
[BlackElo "2353"]
[PlyCount "51"]
[EventDate "2018.11.17"]
[EventType "team-tourn"]
[EventRounds "9"]
[EventCountry "HUN"]
[SourceTitle "CBM 187 Extra"]
[Source "ChessBase"]
[SourceDate "2018.11.04"]
[SourceVersion "1"]
[SourceVersionDate "2018.11.04"]
[SourceQuality "1"]
[WhiteTeam "Paks"]
[BlackTeam "Penzugyor"]
[WhiteTeamCountry "HUN"]
[BlackTeamCountry "HUN"]

1. d4 Nf6 2. Nf3 g6 3. Bg5 Bg7 4. Nbd2 0-0 5. e4 d6 6. c3 c5 7. dxc5 dxc5 8. Bc4 Nc6 9. 0-0 Qc7 10. Re1 h6 11. Bxf6 Bxf6 12. Qe2 Ne5 13. Nxe5 Bxe5 14. g3 e6 15. f4 Bf6 16. e5 Be7 17. Bd3 Bd7 18. Be4 c4 19. Kg2 Rac8 20. Nf3 Rfd8 21. Qc2 Bc6 22. Rad1 Rxd1 23. Rxd1 Rd8 24. Rxd8+ Bxd8 25. Nd4 Be8 26. h4 1/2-1/2

[Event "HUN-chT 1718"]
[Site "Hungary"]
[Date "2018.05.06"]
[Round "9.11"]
[White "Nayhebaver, Martin"]
[Black "Fodor, Istvan"]
[Result "1-0"]
[WhiteElo "2447"]
[BlackElo "2329"]
[PlyCount "73"]
[EventDate "2017.11.25"]
[EventType "team-tourn"]
[EventRounds "9"]
[EventCountry "HUN"]
[SourceTitle "EXT 2019"]
[Source "ChessBase"]
[SourceDate "2018.10.10"]
[SourceVersion "1"]
[SourceVersionDate "2018.10.10"]
[SourceQuality "1"]
[WhiteTeam "DVTK"]
[BlackTeam "Penzugyor"]
[WhiteTeamCountry "HUN"]
[BlackTeamCountry "HUN"]

1. e4 e5 2. Nf3 Nc6 3. Bb5 a6 4. Ba4 Nf6 5. 0-0 Be7 6. Re1 b5 7. Bb3 0-0 8. a4 b4 9. d4 d6 10. dxe5 dxe5 11. Nbd2 Bc5 12. Qe2 Qe7 13. Bc4 Na5 14. Bd3 h6 15. h3 Re8 16. Nf1 Nh5 17. Kh1 Bb7 18. Ng3 Nf4 19. Bxf4 exf4 20. Nf5 Qf8 21. e5 g6 22. N5d4 Bxd4 23. Nxd4 c5 24. Nf3 c4 25. Be4 Rac8 26. Bxb7 Nxb7 27. Qe4 Nc5 28. Qxf4 Ne6 29. Qh4 Red8 30. Rad1 b3 31. c3 Rxd1 32. Rxd1 Qe8 33. Qxh6 Qxa4 34. Nh2 Ng7 35. Ng4 f5 36. exf6 Nf5 37. Qxg6+ 1-0

[Event "Budapest-chT1 Lilienthal 1718"]
[Site "Budapest"]
[Date "2018.03.11"]
[Round "11"]
[White "Szabolcsi, Janos"]
[Black "Fodor, Istvan"]
[Result "0-1"]
[WhiteElo "2319"]
[BlackElo "2331"]
[PlyCount "98"]
[EventDate "2017.10.01"]
[EventType "team-tourn"]
[EventRounds "13"]
[EventCountry "HUN"]
[SourceTitle "EXT 2021"]
[Source "ChessBase"]
[SourceDate "2020.10.23"]
[SourceVersion "1"]
[SourceVersionDate "2020.10.23"]
[SourceQuality "1"]
[WhiteTeam "Budapest MTK III"]
[BlackTeam "Siraly"]
[WhiteTeamCountry "HUN"]
[BlackTeamCountry "HUN"]

1. Nf3 Nf6 2. d4 d5 3. c4 e6 4. Bg5 dxc4 5. Nc3 a6 6. e4 b5 7. e5 h6 8. Bh4 g5 9. Nxg5 hxg5 10. Bxg5 Nbd7 11. Qf3 Rb8 12. exf6 Bb7 13. d5 Nb6 14. 0-0-0 Nxd5 15. Be2 Bb4 16. Nxd5 Bxd5 17. Qe3 c6 18. Bf3 Qa5 19. Bxd5 cxd5 20. a3 c3 21. axb4 Qa1+ 22. Kc2 Qxb2+ 23. Kd3 Rc8 24. Qa7 0-0 25. Bc1 Qa2 26. Ke3 e5 27. Qd7 d4+ 28. Kf3 Qe6 29. Qxe6 fxe6 30. Bg5 Rc4 31. Ke4 Kf7 32. h4 Rxb4 33. Rh3 Rb2 34. Kxe5 Re2+ 35. Kf4 c2 36. Rc1 e5+ 37. Kf5 Rxf2+ 38. Kxe5 Rd8 39. Ra3 Re2+ 40. Kf5 Rd5+ 41. Kg4 d3 42. Rxa6 Rxg2+ 43. Kh3 Rgxg5 44. hxg5 d2 45. g6+ Kxg6 46. Rg1+ Kf5 47. f7 Rd8 48. Raa1 Ke6 49. Raf1 Rf8 0-1

[Event "Budapest-chT1 Lilienthal 1718"]
[Site "Budapest"]
[Date "2018.02.11"]
[Round "9"]
[White "Fodor, Istvan"]
[Black "Polyik, Peter"]
[Result "1/2-1/2"]
[WhiteElo "2331"]
[BlackElo "2277"]
[PlyCount "75"]
[EventDate "2017.10.01"]
[EventType "team-tourn"]
[EventRounds "13"]
[EventCountry "HUN"]
[SourceTitle "EXT 2021"]
[Source "ChessBase"]
[SourceDate "2020.10.23"]
[SourceVersion "1"]
[SourceVersionDate "2020.10.23"]
[SourceQuality "1"]
[WhiteTeam "Siraly"]
[BlackTeam "Aquarena III"]
[WhiteTeamCountry "HUN"]
[BlackTeamCountry "HUN"]

1. e4 c5 2. Nf3 e6 3. d4 cxd4 4. Nxd4 Nc6 5. Nc3 Qc7 6. Be2 a6 7. 0-0 Nf6 8. Be3 Bb4 9. Na4 Be7 10. Nxc6 bxc6 11. Nb6 Rb8 12. Nxc8 Qxc8 13. Bd4 c5 14. Be5 Rb6 15. b3 Nxe4 16. Bxg7 Rg8 17. Be5 Bd6 18. Bg3 Nxg3 19. fxg3 Be5 20. Bh5 Rg7 21. Rb1 Ke7 22. Kh1 f6 23. Qd2 Kf8 24. Rbe1 Kg8 25. Re4 Rd6 26. Qe2 Rd4 27. Re3 Qc6 28. c3 Rd6 29. Bf3 Qb5 30. Qf2 Rd2 31. Be2 Qb8 32. a4 Rb2 33. Qf3 Rxb3 34. Bxa6 Rb1 35. Bb5 Rxf1+ 36. Qxf1 d5 37. Rf3 c4 38. Qe1 1/2-1/2

[Event "HUN-chT2 Charousek 1718"]
[Site "Hungary"]
[Date "2018.01.28"]
[Round "5.2"]
[White "Leventic, Ivan"]
[Black "Fodor, Istvan"]
[Result "1/2-1/2"]
[WhiteElo "2417"]
[BlackElo "2352"]
[PlyCount "100"]
[EventDate "2017.10.29"]
[EventType "team-tourn"]
[EventRounds "9"]
[EventCountry "HUN"]
[SourceTitle "EXT 2021"]
[Source "ChessBase"]
[SourceDate "2020.10.23"]
[SourceVersion "1"]
[SourceVersionDate "2020.10.23"]
[SourceQuality "1"]
[WhiteTeam "Komlo Banyasz"]
[BlackTeam "Penzugyor"]
[WhiteTeamCountry "HUN"]
[BlackTeamCountry "HUN"]

1. e4 e5 2. Nf3 Nc6 3. Bb5 a6 4. Ba4 Nf6 5. 0-0 Be7 6. Re1 b5 7. Bb3 0-0 8. a4 b4 9. d4 d6 10. c3 exd4 11. Nxd4 Bd7 12. Nd2 bxc3 13. bxc3 Ne5 14. Nc4 Nxc4 15. Bxc4 c5 16. Nf3 Bc6 17. Qd3 Qd7 18. e5 dxe5 19. Nxe5 Qxd3 20. Bxd3 Bd5 21. Nc4 Be6 22. Nb6 Ra7 23. a5 Rd8 24. Bf1 Nd5 25. Bb2 Rb8 26. Nxd5 Bxd5 27. Ba3 Be6 28. Re5 Rab7 29. Bxc5 Bf6 30. Re3 Rb1 31. Rxb1 Rxb1 32. f4 g5 33. fxg5 Bxg5 34. Rg3 f6 35. h4 Bc4 36. hxg5 Rxf1+ 37. Kh2 f5 38. Re3 Kf7 39. Re7+ Kg6 40. Bd4 Kxg5 41. Rxh7 Ra1 42. Rc7 Bd3 43. Rg7+ Kh6 44. Rg3 Be4 45. Be3+ Kh7 46. Bb6 Ra2 47. Rg5 Rc2 48. Bd4 Ra2 49. Bb6 Rc2 50. Bd4 Ra2 1/2-1/2

[Event "Budapest-chT1 Lilienthal 1718"]
[Site "Budapest"]
[Date "2018.01.14"]
[Round "6"]
[White "Fodor, Istvan"]
[Black "Antal, Laszlo"]
[Result "1/2-1/2"]
[WhiteElo "2331"]
[BlackElo "2133"]
[PlyCount "77"]
[EventDate "2017.10.01"]
[EventType "team-tourn"]
[EventRounds "13"]
[EventCountry "HUN"]
[SourceTitle "EXT 2021"]
[Source "ChessBase"]
[SourceDate "2020.10.23"]
[SourceVersion "1"]
[SourceVersionDate "2020.10.23"]
[SourceQuality "1"]
[WhiteTeam "Siraly"]
[BlackTeam "SENSE"]
[WhiteTeamCountry "HUN"]
[BlackTeamCountry "HUN"]

1. e4 e5 2. Nf3 Nc6 3. Bb5 a6 4. Ba4 Nf6 5. 0-0 Be7 6. Re1 b5 7. Bb3 d6 8. c3 0-0 9. h3 Nb8 10. d4 Nbd7 11. Nbd2 Bb7 12. Bc2 Re8 13. Nf1 Bf8 14. Ng3 g6 15. a4 c5 16. d5 c4 17. Bg5 h6 18. Be3 Nc5 19. Qd2 h5 20. Bg5 Be7 21. Bh6 Bf8 22. axb5 axb5 23. Rxa8 Bxa8 24. Bg5 Be7 25. Ra1 Bb7 26. Qc1 h4 27. Bxh4 Nxd5 28. exd5 Bxh4 29. Qh6 Bxg3 30. Bxg6 Bxf2+ 31. Kxf2 fxg6 32. Qxg6+ Kh8 33. Qh6+ Kg8 34. Qg6+ Kh8 35. Kg1 Rf8 36. Qh6+ Kg8 37. Qg6+ Kh8 38. Qh6+ Kg8 39. Qg6+ 1/2-1/2

[Event "HUN-chT 1617"]
[Site "Hungary"]
[Date "2017.02.12"]
[Round "6.11"]
[White "Peczely, Sebastian Zsombor"]
[Black "Fodor, Istvan"]
[Result "1/2-1/2"]
[WhiteElo "2212"]
[BlackElo "2361"]
[PlyCount "120"]
[EventDate "2016.10.30"]
[EventType "team-tourn"]
[EventRounds "9"]
[EventCountry "HUN"]
[SourceTitle "EXT 2018"]
[Source "ChessBase"]
[SourceDate "2017.10.13"]
[SourceVersion "1"]
[SourceVersionDate "2017.10.13"]
[SourceQuality "1"]
[WhiteTeam "Mako Duocor"]
[BlackTeam "Penzugyor"]
[WhiteTeamCountry "HUN"]
[BlackTeamCountry "HUN"]

1. e4 c6 2. c4 d5 3. cxd5 cxd5 4. exd5 Nf6 5. Bb5+ Nbd7 6. Nc3 a6 7. Be2 Nb6 8. Bf3 Nbxd5 9. Nge2 e6 10. 0-0 Be7 11. Qb3 0-0 12. d4 Nxc3 13. bxc3 Qc7 14. h3 Rb8 15. c4 b6 16. Rb1 Bd6 17. Be3 Nd7 18. Nc3 Bb7 19. Ne4 Bf4 20. Bxf4 Qxf4 21. Qe3 Qc7 22. Rfc1 Bxe4 23. Bxe4 Nf6 24. Bf3 Rfd8 25. d5 e5 26. c5 bxc5 27. Rxb8 Qxb8 28. Qxc5 e4 29. Be2 Nxd5 30. Bxa6 Nf4 31. Qc7 Qxc7 32. Rxc7 Rd1+ 33. Kh2 g5 34. Bc4 Ne6 35. Bxe6 fxe6 36. a4 Rd4 37. a5 Ra4 38. Ra7 Ra3 39. a6 h6 40. Kg1 Ra1+ 41. Kh2 Ra3 42. g3 Ra2 43. Kg1 Ra1+ 44. Kg2 Kh8 45. h4 g4 46. h5 Kg8 47. Ra8+ Kg7 48. a7 Kh7 49. Kh2 Kg7 50. Re8 Rxa7 51. Rxe6 Ra5 52. Rg6+ Kh7 53. Rxg4 Rxh5+ 54. Kg2 Re5 55. Kf1 e3 56. f3 e2+ 57. Ke1 Re3 58. Re4 Rxf3 59. g4 Kg6 60. Kxe2 Ra3 1/2-1/2

[Event "HUN-chT2 Toth 1516"]
[Site "Hungary"]
[Date "2016.02.28"]
[Round "8.12"]
[White "Fodor, Istvan"]
[Black "Vertes, Imre"]
[Result "0-1"]
[WhiteElo "1865"]
[BlackElo "1687"]
[PlyCount "52"]
[EventDate "2015.09.13"]
[EventType "team-tourn"]
[EventRounds "11"]
[EventCountry "HUN"]
[SourceTitle "EXT 2017"]
[Source "ChessBase"]
[SourceDate "2016.10.25"]
[SourceVersion "1"]
[SourceVersionDate "2016.10.25"]
[SourceQuality "1"]
[WhiteTeam "Karcag"]
[BlackTeam "Bekes"]
[WhiteTeamCountry "HUN"]
[BlackTeamCountry "HUN"]

1. d4 Nf6 2. c4 g6 3. Nc3 Bg7 4. e4 d6 5. Nf3 0-0 6. Be2 Nbd7 7. 0-0 e5 8. d5 Nc5 9. Bg5 a5 10. Qc2 Bg4 11. a3 a4 12. Be3 Nfd7 13. h3 Bxf3 14. Bxf3 f5 15. Bd1 Nb3 16. Rb1 f4 17. Nxa4 fxe3 18. Qxb3 exf2+ 19. Rxf2 Rxf2 20. Kxf2 Qh4+ 21. Kg1 Qe1+ 22. Kh2 Bh6 23. Qc3 Bf4+ 24. g3 Qf2+ 25. Kh1 Bxg3 26. Qc2 Qf1# 0-1

[Event "HUN-chT2 Toth 1516"]
[Site "Hungary"]
[Date "2015.10.18"]
[Round "3.11"]
[White "Fodor, Istvan"]
[Black "Ottlakan, Peter"]
[Result "1/2-1/2"]
[WhiteElo "1865"]
[BlackElo "1791"]
[PlyCount "105"]
[EventDate "2015.09.13"]
[EventType "team-tourn"]
[EventRounds "11"]
[EventCountry "HUN"]
[SourceTitle "CBM 170 Extra"]
[Source "ChessBase"]
[SourceDate "2016.02.25"]
[SourceVersion "1"]
[SourceVersionDate "2016.02.25"]
[SourceQuality "1"]
[WhiteTeam "Karcag"]
[BlackTeam "Gyula"]
[WhiteTeamCountry "HUN"]
[BlackTeamCountry "HUN"]

1. d4 Nf6 2. c4 g6 3. Nc3 d5 4. cxd5 Nxd5 5. e4 Nxc3 6. bxc3 c5 7. Bc4 Bg7 8. Ne2 Nc6 9. Be3 cxd4 10. cxd4 Qa5+ 11. Bd2 Qc7 12. Rc1 Qb6 13. Be3 Qb4+ 14. Bd2 Qb6 15. Bc3 0-0 16. Rb1 Qc7 17. Qc2 Rd8 18. 0-0 Kf8 19. Rfd1 Ne5 20. Bd3 Rb8 21. Rb5 Nc6 22. d5 Ne5 23. f4 a6 24. Rbb1 Qc5+ 25. Kh1 Nxd3 26. Bxg7+ Kxg7 27. Qxd3 Bg4 28. h3 Bxe2 29. Qxe2 Qc3 30. Rd3 Qc4 31. Rbd1 Rdc8 32. Qe3 Qxa2 33. e5 Rc2 34. Qg3 Rbc8 35. f5 Rf2 36. f6+ exf6 37. exf6+ Rxf6 38. Qe5 Qc2 39. Rf1 Qxd3 40. Qxf6+ Kh6 41. Qf4+ Kg7 42. Qxf7+ Kh6 43. Rf4 Qg3 44. Rf1 Rc2 45. Qf8+ Kh5 46. Rf5+ gxf5 47. Qxf5+ Kh6 48. Qxc2 Qe1+ 49. Kh2 Qe5+ 50. g3 Qxd5 51. h4 b5 52. Qf2 Qd6 53. Qf5 1/2-1/2

[Event "Budapest-chT1 Lilienthal 1516"]
[Site "Budapest"]
[Date "2015.10.11"]
[Round "3"]
[White "Krizsany, Laszlo"]
[Black "Fodor, Istvan"]
[Result "1/2-1/2"]
[WhiteElo "2439"]
[BlackElo "2331"]
[PlyCount "79"]
[EventDate "2015.09.20"]
[EventType "team-tourn"]
[EventRounds "9"]
[EventCountry "HUN"]
[SourceTitle "EXT 2021"]
[Source "ChessBase"]
[SourceDate "2020.10.23"]
[SourceVersion "1"]
[SourceVersionDate "2020.10.23"]
[SourceQuality "1"]
[WhiteTeam "REAC SISE"]
[BlackTeam "Penzugyor III"]
[WhiteTeamCountry "HUN"]
[BlackTeamCountry "HUN"]

1. d4 Nf6 2. c4 g6 3. Nc3 d5 4. Nf3 Bg7 5. Bg5 Ne4 6. Bh4 Nxc3 7. bxc3 dxc4 8. e3 b5 9. a4 c6 10. Nd2 a6 11. Be2 0-0 12. Qb1 Qc7 13. Bf3 Ra7 14. 0-0 e5 15. Qb4 Bf5 16. Bg3 Bd3 17. Rfe1 f5 18. axb5 cxb5 19. Bd5+ Kh8 20. Bxe5 Qd8 21. Nf3 Re8 22. Qc5 Rd7 23. e4 fxe4 24. Bxe4 Bxe4 25. Rxe4 Kg8 26. Bc7 Qc8 27. Rxe8+ Qxe8 28. Bxb8 Qxb8 29. Rxa6 Bf8 30. Qc6 Rd6 31. Qa8 Rd8 32. Qe4 b4 33. Qe6+ Kh8 34. Ne5 bxc3 35. Ra1 Rxd4 36. Qf6+ Bg7 37. Nf7+ Kg8 38. Nh6+ Kh8 39. Nf7+ Kg8 40. Nh6+ 1/2-1/2

[Event "Budapest-chT1 Lilienthal 1516"]
[Site "Budapest"]
[Date "2015.09.27"]
[Round "2"]
[White "Fodor, Istvan"]
[Black "Prorok, Marton"]
[Result "1-0"]
[WhiteElo "2331"]
[BlackElo "2314"]
[PlyCount "71"]
[EventDate "2015.09.20"]
[EventType "team-tourn"]
[EventRounds "9"]
[EventCountry "HUN"]
[SourceTitle "EXT 2021"]
[Source "ChessBase"]
[SourceDate "2020.10.23"]
[SourceVersion "1"]
[SourceVersionDate "2020.10.23"]
[SourceQuality "1"]
[WhiteTeam "Penzugyor III"]
[BlackTeam "Fabulon"]
[WhiteTeamCountry "HUN"]
[BlackTeamCountry "HUN"]

1. d4 Nf6 2. Nf3 g6 3. c4 Bg7 4. Nc3 d5 5. cxd5 Nxd5 6. e4 Nxc3 7. bxc3 c5 8. Rb1 Qa5 9. Bd2 Qxa2 10. Be2 0-0 11. 0-0 cxd4 12. cxd4 Nc6 13. d5 Ne5 14. Nd4 Nc4 15. Bc3 Nb6 16. Ra1 Nxd5 17. Rxa2 Nxc3 18. Qd2 Nxa2 19. Bc4 Rd8 20. Bxf7+ Kh8 21. e5 a5 22. Bxa2 Bxe5 23. Qe2 Bxd4 24. Rd1 Bg4 25. Qxg4 Bf6 26. g3 b5 27. h4 Kg7 28. h5 Rac8 29. Kg2 a4 30. hxg6 hxg6 31. Rxd8 Rxd8 32. Bb1 g5 33. Qe4 Kf8 34. Qc6 Rb8 35. Ba2 Kg7 36. Qd5 1-0